Представление документа в формате RUSMARC

ПолеНазваниеЗначение
  Тип записи a
  Библиографический уровень m
001 Контрольный номер RU/SLIB/B/208721169
005 Дата корректировки 20260428115334.4
010 Индекс ISBN __
d Цена 0-70
100 Данные общей обработки __
a Данные общей обработки 20211124d1989 m y0rusy028902 ca
101 Язык документа 0_
a Язык текста rus
102 Страна публикации __
a Страна публикации RU
105 Кодированные данные (монография) __
a Кодированные данные (монография) a z 001yy
181 Поле кодированных данных: вид содержания _0
a Код вида содержания (ISBD) i
182 Поле кодированных данных: тип средства _0
a Код типа средства (ISBD) n
200 Заглавие и сведения об ответственности 1_
a Заглавие Прометеи сибирской нефти
f Первые сведения об ответственности В. В. Алексеев, В. А. Ламин ; ред. Е. Н. Долгова
b Общее обозначение материала Текст
210 Выходные данные 1_
a Место издания Свердловск
c Издательство Сред.-Урал. кн. изд-во
d Дата издания 1989
215 Физическое описание __
a Объем 270 с.
c Иллюстрации/тип воспроизводства 8л. ил.
320 Библиография __
a Библиография Библиогр.: с. 255-270
330 Аннотация __
a Аннотация На широком историческом и географическом фоне построен рассказ авторов о поисках нефти и научных дискуссиях по проблемам ее происхождения, длящихся на протяжении 100 лет в России и за рубежом. Часть материалов особенно зарубежные, в том числе фотографии, публикуются впервые. Авторы также делают попытку понять и проанализировать причины критических ситуаций, сложившихся на Тюменском Севере в последние десятилетия.
606 Тематические рубрики __
a Основная рубрика Горное дело
y Географическая подрубрика Сибирь; Западная Сибирь
2 Код системы nlr_sh
606 Тематические рубрики __
a Основная рубрика Разработка нефтяных и газовых месторождений
2 Код системы nlr_sh
610 Ключевые слова 0_
a Ключевые слова нефтяная промышленность; месторождения; нефтяные месторождения
686 Индексы других классификаций __
a Классификационный индекс 33.361; ст33
2 Код системы rubbks
700 Автор _1
a Фамилия Алексеев
b Имя В. В.
4 Код отношения 070
g Полное личное имя Вениамин Васильевич
701 Альтернативная интеллектуальная ответственность _1
a Фамилия Ламин
b Имя В. А.
g Полное личное имя Владимир Александрович
4 Код отношения 070
702 Вторичная интеллектуальная ответственность _1
a Фамилия Долгова
b Имя Е. Н.
4 Код отношения 340
801 Источник записи _0
a Страна RU
b Организация Муниципальное бюджетное учреждение культуры "Централизованная библиотечная система" г. Сургут (Центральная городская библиотека им. А. С. Пушкина)
g Правила каталогизации PSBO
801 Источник записи _1
a Страна RU
b Организация Муниципальное бюджетное учреждение культуры "Централизованная библиотечная система" г. Сургут (Центральная городская библиотека им. А. С. Пушкина)
g Правила каталогизации PSBO
852 Данные о местонахождении __
j Шифр хранения 33.361
c Каталожный индекс 33.361
i Авторский знак А 47
p Инвентарный номер 39942
901 Тип документа __
t Тип документа m
a Ответственный КиК/Лебедева
901 Тип документа __
a Ответственный СКБР2024
903 Характеристики (МАРС) __
a Дата передачи 20010702
c Наименование библиотеки (МАРС) Муниципальное бюджетное учреждение культуры "Централизованная библиотечная система" г. Сургут (Центральная городская библиотека им. А. С. Пушкина)
990 Данные о заказе (DOS) __
j Количество экземпляров (DOS) 3
t N записи в КСУ для И/У (DOS) 199101